000 00315nam a2200133Ia 4500
008 230917s9999||||xx |||||||||||||| ||und||
040 _e52042
_aMAIN
041 _aEnglish
082 _aB E47E
245 0 _aEminent mussalmans
260 _aDelhi
_bNeeraj Publishing House
_c1981
300 _a544 p.
942 _cBK
999 _c222188
_d222188